[Event "FB1 2122 SV Weißblau Allianz Leipzig - "]
[Site "?"]
[Date "2022.05.21"]
[Round "1.1"]
[White "Batsiashvili, Nino"]
[Black "Cyfka, Karina"]
[Result "1-0"]
[WhiteElo "2463"]
[BlackElo "2404"]
[PlyCount "73"]
[EventDate "2022.??.??"]

1. d4 Nf6 2. c4 e6 3. Nf3 Bb4+ 4. Nc3 b6 5. e3 O-O 6. Bd3 d5 7. cxd5 exd5 8.
O-O Ba6 9. Bxa6 Nxa6 10. Qd3 Qc8 11. b3 Re8 12. Bb2 Bf8 13. Rac1 Qb7 14. Rfd1
Rac8 15. Qf5 c6 16. Ne5 Bd6 17. Ne2 Nb8 18. Ng3 Re6 19. Rc2 c5 20. Nf3 Bxg3 21.
hxg3 Nbd7 22. dxc5 bxc5 23. g4 g6 24. Qg5 c4 25. Qh6 cxb3 26. Rxc8+ Qxc8 27.
Nd4 Ra6 28. axb3 Nxg4 29. Qg5 Ngf6 30. Rc1 Qb7 31. Nf5 Re6 32. Bd4 a5 33. f3
Qb8 34. Rc3 Kh8 35. Ne7 Kg7 36. Rc8 h6 37. Nf5+ 1-0

[Event "FB1 2122 SV Weißblau Allianz Leipzig - "]
[Site "?"]
[Date "2022.05.21"]
[Round "1.2"]
[White "Kulon, Klaudia"]
[Black "Javakhishvili, Lela"]
[Result "0-1"]
[WhiteElo "2305"]
[BlackElo "2480"]
[PlyCount "92"]
[EventDate "2022.??.??"]

1. c4 e6 2. Nf3 Nf6 3. Nc3 d5 4. e3 b6 5. cxd5 exd5 6. b3 Bd6 7. Bb2 O-O 8. Qc2
c5 9. Ng5 g6 10. h4 Nc6 11. a3 Bf5 12. Bd3 Bxd3 13. Qxd3 Ne5 14. Qc2 Re8 15.
Ne2 Rc8 16. f4 Neg4 17. h5 d4 18. e4 Qe7 19. hxg6 hxg6 20. Qd3 Nh5 21. Rxh5
gxh5 22. e5 f6 23. exd6 Qxe2+ 24. Qxe2 fxg5 25. fxg5 Kf7 26. b4 Rxe2+ 27. Kxe2
Re8+ 28. Kd3 Ke6 29. Kc4 Kxd6 30. Rh1 Re2 31. bxc5+ bxc5 32. Rxh5 Rxd2 33. Kb3
Rxg2 34. Bc1 Rg3+ 35. Ka4 Ne5 36. Bf4 Rg4 37. Bh2 Ke6 38. g6 Nf3 39. Kb3 Nxh2
40. Rxh2 Rg3+ 41. Kc4 Rc3+ 42. Kb5 Kf6 43. Rh7 a6+ 44. Kxa6 Kxg6 45. Rc7 Rxa3+
46. Kb5 Rc3 0-1

[Event "FB1 2122 SV Weißblau Allianz Leipzig - "]
[Site "?"]
[Date "2022.05.21"]
[Round "1.3"]
[White "Arabidze, Meri"]
[Black "Schulz, Petra"]
[Result "1-0"]
[WhiteElo "2436"]
[BlackElo "1996"]
[PlyCount "45"]
[EventDate "2022.??.??"]

1. Nf3 Nf6 2. g3 g6 3. b3 Bg7 4. Bb2 d6 5. d4 b6 6. Bg2 Bb7 7. O-O O-O 8. c4
Nbd7 9. Qc2 Re8 10. Rd1 e6 11. Nc3 c5 12. Nb5 Be4 13. Qc1 d5 14. Nd6 Re7 15.
Nxe4 Nxe4 16. cxd5 exd5 17. dxc5 Bxb2 18. Qxb2 Ndxc5 19. Ne5 Qd6 20. Ng4 h5 21.
Ne3 Qe6 22. Nxd5 Rd7 23. Nf6+ 1-0

[Event "FB1 2122 SV Weißblau Allianz Leipzig - "]
[Site "?"]
[Date "2022.05.21"]
[Round "1.4"]
[White "Kunze, Kerstin"]
[Black "Atalik, Ekaterina"]
[Result "0-1"]
[WhiteElo "2027"]
[BlackElo "2414"]
[PlyCount "68"]
[EventDate "2022.??.??"]

1. e4 e5 2. Nf3 Nc6 3. Bb5 a6 4. Ba4 Nf6 5. d3 d6 6. c3 Be7 7. h3 O-O 8. O-O h6
9. Re1 b5 10. Bc2 Bb7 11. d4 exd4 12. Nxd4 Re8 13. Nf5 Bf8 14. Bf4 Ne5 15. Nd2
c5 16. b3 Qd7 17. Re3 Kh7 18. Qe1 g6 19. Nxh6 Bxh6 20. Bxh6 Kxh6 21. f4 Nc6 22.
Nf3 Kg7 23. Rd1 Qe7 24. Nh4 Nh5 25. Rd5 Ne5 26. fxe5 Bxd5 27. exd5 dxe5 28. Bd1
Nf4 29. d6 Qxd6 30. Bf3 Rad8 31. Qg3 Qf6 32. Be4 Rd2 33. Nf5+ Kf8 34. Nh6 Ne2+
0-1

[Event "FB1 2122 SV Weißblau Allianz Leipzig - "]
[Site "?"]
[Date "2022.05.21"]
[Round "1.5"]
[White "Daulyte-Cornette, Deimante"]
[Black "Just, Anita"]
[Result "1-0"]
[WhiteElo "2372"]
[BlackElo "1895"]
[PlyCount "81"]
[EventDate "2022.??.??"]

1. e4 e6 2. d4 d5 3. e5 c5 4. c3 Nc6 5. Nf3 Qb6 6. Be2 Bd7 7. O-O cxd4 8. cxd4
f6 9. Nc3 fxe5 10. dxe5 Nh6 11. Be3 Qa5 12. a3 Nf7 13. b4 Qd8 14. Bf4 g5 15.
Bg3 Bg7 16. Re1 h5 17. h3 h4 18. Bh2 g4 19. hxg4 Ncxe5 20. Nxe5 Nxe5 21. Nxd5
O-O 22. Nf4 Qg5 23. Nh3 Qe7 24. Bf1 Nf7 25. Rc1 Bc6 26. Qb3 Nd8 27. b5 Be8 28.
Rc7 Qf6 29. Be5 Qxe5 30. Rxe5 Bxe5 31. Rc5 Bf6 32. Bd3 Bf7 33. Bb1 Kg7 34. Qd3
Rh8 35. g5 Bb2 36. g6 Be8 37. Nf4 Rf8 38. Nh5+ Kg8 39. g7 Rf5 40. Rxf5 exf5 41.
Qxf5 1-0

[Event "FB1 2122 SV Weißblau Allianz Leipzig - "]
[Site "?"]
[Date "2022.05.21"]
[Round "1.6"]
[White "Kluge, Heidemarie"]
[Black "Bulmaga, Irina"]
[Result "0-1"]
[WhiteElo "1916"]
[BlackElo "2397"]
[PlyCount "66"]
[EventDate "2022.??.??"]

1. d4 Nf6 2. c4 e6 3. Nc3 Bb4 4. Bd2 O-O 5. e3 b6 6. Nf3 Bb7 7. Be2 Bxc3 8.
Bxc3 Ne4 9. O-O Nxc3 10. bxc3 d6 11. Qc2 Nd7 12. e4 e5 13. Rab1 Qe7 14. Bd3 a5
15. Rfe1 Bc6 16. Re3 g6 17. Rf1 Rae8 18. Nd2 Nf6 19. f4 exf4 20. Rxf4 Nh5 21.
Rff3 Qg5 22. Re1 f5 23. Ref1 fxe4 24. Rxf8+ Rxf8 25. Rxf8+ Kxf8 26. Nxe4 Bxe4
27. Bxe4 Kg7 28. a4 Qe3+ 29. Kf1 Nf4 30. Bd5 h5 31. Be4 h4 32. Bd5 Nd3 33. g3
h3 0-1

[Event "FB1 2122 SV Hemer 1932 - TuRa Harksheid"]
[Site "?"]
[Date "2021.11.28"]
[Round "2.1"]
[White "Antolak, Julia"]
[Black "Cosma, Elena-Luminita"]
[Result "1-0"]
[WhiteElo "2334"]
[BlackElo "2281"]
[PlyCount "63"]
[EventDate "2021.??.??"]

1. e4 e6 2. d4 d5 3. Nc3 Bb4 4. Bd3 c5 5. exd5 exd5 6. dxc5 Nf6 7. Nf3 O-O 8.
O-O Bg4 9. Bg5 Bxc3 10. bxc3 Nbd7 11. h3 Bh5 12. Bf5 Nxc5 13. Re1 Bg6 14. Bxg6
hxg6 15. Re5 Nce4 16. Bxf6 Nxf6 17. Qd4 b6 18. Rae1 Rc8 19. R1e3 Qd6 20. Qa4 a5
21. Rd3 Qc7 22. Qd4 Qc4 23. Qxb6 Nd7 24. Qxa5 Ra8 25. Qxd5 Nxe5 26. Qxe5 Qxa2
27. Qe2 Rfe8 28. Qd2 Qb1+ 29. Kh2 Qb8+ 30. g3 Ra1 31. Re3 Rxe3 32. Qxe3 1-0

[Event "FB1 2122 SV Hemer 1932 - TuRa Harksheid"]
[Site "?"]
[Date "2021.11.28"]
[Round "2.2"]
[White "Voicu-Jagodzinsky, Carmen"]
[Black "Radikovic, Anamarija"]
[Result "1/2-1/2"]
[WhiteElo "2278"]
[BlackElo "2124"]
[PlyCount "67"]
[EventDate "2021.??.??"]

1. e4 c5 2. b3 Nc6 3. Bb2 e5 4. Bc4 g6 5. Ne2 Bg7 6. O-O Nf6 7. Nbc3 O-O 8. d3
a6 9. a4 Rb8 10. h3 Nh5 11. Qd2 d6 12. Nd1 Nf4 13. Nxf4 Qg5 14. Kh1 Qxf4 15.
Qxf4 exf4 16. Bxg7 Kxg7 17. a5 f3 18. Ne3 fxg2+ 19. Kxg2 f5 20. f4 Bd7 21. Nd5
fxe4 22. dxe4 Rbe8 23. Bd3 Nd4 24. Kg3 Bb5 25. c4 Bd7 26. Ra2 Bc6 27. Rb2 Rf7
28. h4 Ref8 29. Nc3 Re8 30. h5 Nf5+ 31. Kf2 Nd4 32. Kg3 Nf5+ 33. Kf2 Nd4 34.
Kg3 1/2-1/2

[Event "FB1 2122 SV Hemer 1932 - TuRa Harksheid"]
[Site "?"]
[Date "2021.11.28"]
[Round "2.3"]
[White "Gosciniak, Maria"]
[Black "Ciolacu, Alessia-Mihaela"]
[Result "1/2-1/2"]
[WhiteElo "2075"]
[BlackElo "2263"]
[PlyCount "127"]
[EventDate "2021.??.??"]

1. e4 e5 2. Nf3 Nc6 3. d4 exd4 4. Nxd4 Nf6 5. Nc3 Bb4 6. Nxc6 bxc6 7. Bd3 d5 8.
exd5 cxd5 9. O-O O-O 10. Bg5 c6 11. Qf3 Bd6 12. h3 Rb8 13. Na4 Be5 14. Rab1 Qd6
15. c4 Be6 16. c5 Qc7 17. Bxf6 Bxf6 18. b4 Rfe8 19. a3 Re7 20. Rfd1 Be5 21. Bf1
g6 22. Nb2 Bf5 23. Bd3 Be4 24. Bxe4 dxe4 25. Qb3 h5 26. Nc4 Bh2+ 27. Kh1 Bf4
28. Rd6 Rd7 29. Rxd7 Qxd7 30. Rd1 Qe6 31. Qc3 Re8 32. a4 g5 33. b5 cxb5 34.
axb5 Rc8 35. Qd4 Qf5 36. Nd6 Bxd6 37. cxd6 Rd8 38. Qxa7 Qxb5 39. d7 Qb3 40. Rc1
Qe6 41. Qa5 Rxd7 42. Qxg5+ Qg6 43. Rc8+ Kh7 44. Qe5 Rd1+ 45. Kh2 Qd6 46. Qxd6
Rxd6 47. Re8 f5 48. h4 Rd2 49. Kg3 f4+ 50. Kxf4 Rxf2+ 51. Kg3 Re2 52. Re5 Kh6
53. Kh2 Re1 54. Kg3 Re2 55. Rg5 Re1 56. Kf2 Rh1 57. g3 Ra1 58. Ke3 Re1+ 59. Kf4
e3 60. Re5 Kg6 61. Re6+ Kf7 62. Rxe3 Rxe3 63. Kxe3 Ke7 64. Ke4 1/2-1/2

[Event "FB1 2122 SV Hemer 1932 - TuRa Harksheid"]
[Site "?"]
[Date "2021.11.28"]
[Round "2.4"]
[White "Ionica, Iulia-Ionela"]
[Black "Adamowicz, Katarzyna"]
[Result "1-0"]
[WhiteElo "2185"]
[BlackElo "2082"]
[PlyCount "63"]
[EventDate "2021.??.??"]

1. e4 e5 2. Bc4 Nf6 3. d3 Be7 4. Nc3 Nc6 5. f4 d6 6. Nf3 O-O 7. f5 Na5 8. Bb3
Nxb3 9. axb3 c6 10. Qe2 d5 11. O-O Re8 12. Kh1 dxe4 13. dxe4 Qc7 14. Be3 b6 15.
Nd2 Bb7 16. g4 g6 17. Qf3 Bd8 18. Bg5 Rf8 19. Bh6 Re8 20. Ne2 Kh8 21. Ng3 c5
22. Be3 Nd7 23. g5 f6 24. Qg4 Rg8 25. h4 Nf8 26. Kh2 Bc8 27. Qf3 gxf5 28. Nxf5
fxg5 29. Nh6 g4 30. Qg3 Ng6 31. Nf7+ Kg7 32. Bh6# 1-0

[Event "FB1 2122 SV Hemer 1932 - TuRa Harksheid"]
[Site "?"]
[Date "2021.11.28"]
[Round "2.5"]
[White "Brandt, Carina"]
[Black "Frey, Alisa"]
[Result "1-0"]
[WhiteElo "2066"]
[BlackElo "2063"]
[PlyCount "75"]
[EventDate "2021.??.??"]

1. e4 e5 2. Nf3 Nc6 3. Bc4 Nf6 4. d3 Be7 5. c3 d6 6. O-O O-O 7. a4 Na5 8. Ba2
c5 9. b4 cxb4 10. cxb4 Nc6 11. b5 Nb4 12. Bc4 Bg4 13. Nbd2 a5 14. Qb3 h6 15.
Bb2 Rc8 16. Rac1 Nd7 17. d4 exd4 18. Nxd4 Bf6 19. Qg3 Bh5 20. Ba1 Bg6 21. Kh1
Kh8 22. f4 Qb6 23. Qe3 Rfe8 24. f5 Bh5 25. g4 Bxg4 26. Bxf7 Rxc1 27. Rxc1 Rf8
28. Be6 Nc5 29. Qg3 Bh5 30. Qh3 Be8 31. Qg2 Ncd3 32. Rc4 Nc5 33. Qg1 Nxa4 34.
Rc8 Nc5 35. Bf7 d5 36. Ne6 Bxa1 37. Nxf8 g5 38. Qxa1+ 1-0

[Event "FB1 2122 SV Hemer 1932 - TuRa Harksheid"]
[Site "?"]
[Date "2021.11.28"]
[Round "2.6"]
[White "Sewald, Kathrin"]
[Black "Koehler, Inken"]
[Result "0-1"]
[WhiteElo "1992"]
[BlackElo "1980"]
[PlyCount "110"]
[EventDate "2021.??.??"]

1. e4 d6 2. Nf3 Nf6 3. d3 e5 4. g3 Be7 5. Bg2 O-O 6. Nh4 Be6 7. Nf5 Nc6 8. c3
d5 9. Nd2 dxe4 10. dxe4 Bc5 11. Qf3 Ne7 12. g4 Ng6 13. Bf1 Qd7 14. Nb3 Bb6 15.
Bg5 Rad8 16. Be2 Nxe4 17. Qxe4 Bd5 18. Qb4 Bxh1 19. Rd1 Qc8 20. Rxd8 Rxd8 21.
Nc5 Rd5 22. Ne4 Bxe4 23. Qxe4 Qd7 24. b4 h6 25. Bc1 Qc6 26. Qf3 e4 27. Qg3 e3
28. Bxe3 Qxc3+ 29. Kf1 Bxe3 30. Nxe3 Rd2 31. Bc4 Qa1+ 32. Kg2 Qe5 33. h4 Qxg3+
34. Kxg3 Ne5 35. Bd5 c6 36. Bb3 Nd3 37. f3 Nxb4 38. Nc4 Rd3 39. Ne5 Rd5 40. f4
Kf8 41. Kf3 Nd3 42. Nc4 Nc1 43. Bc2 Nxa2 44. Ne3 Nb4 45. Bf5 Rxf5 46. Nxf5 a5
47. Nd6 b5 48. Ke4 a4 49. Kd4 a3 50. Kc3 Nd5+ 51. Kb3 b4 52. Nf5 Nxf4 53. Nd4
c5 54. Nc2 Ne6 55. Kc4 Ke7 0-1

[Event "FB1 2122 SK Lehrte - Hamburger SK"]
[Site "?"]
[Date "2021.11.28"]
[Round "2.1"]
[White "Socko, Monika"]
[Black "Sieber, Fiona"]
[Result "1-0"]
[WhiteElo "2393"]
[BlackElo "2207"]
[PlyCount "69"]
[EventDate "2021.??.??"]

1. d4 Nf6 2. c4 g6 3. Nc3 d5 4. cxd5 Nxd5 5. e4 Nxc3 6. bxc3 Bg7 7. Qa4+ Nd7 8.
Nf3 O-O 9. Be2 Nb6 10. Qa3 Bg4 11. Bg5 Qd7 12. O-O Bxf3 13. Bxf3 e5 14. Rad1
Qc6 15. Rfe1 Rfe8 16. d5 Qa4 17. Qb3 Bf8 18. Be2 a6 19. Qb1 Nc4 20. Qb3 Nb6 21.
Bf1 Bc5 22. Qb1 Rab8 23. Rd3 Qd7 24. Red1 f5 25. d6 fxe4 26. dxc7 exd3 27.
cxb8=Q Rxb8 28. Bxd3 Qf7 29. Kh1 Kg7 30. Qc1 h5 31. Bh6+ Kh7 32. Qg5 Re8 33.
Be4 Bf8 34. Bxf8 Rxf8 35. Rd6 1-0

[Event "FB1 2122 SK Lehrte - Hamburger SK"]
[Site "?"]
[Date "2021.11.28"]
[Round "2.2"]
[White "Duessler, Stefanie"]
[Black "Gaal, Zsoka"]
[Result "1/2-1/2"]
[WhiteElo "2124"]
[BlackElo "2336"]
[PlyCount "119"]
[EventDate "2021.??.??"]

1. e4 c6 2. d4 d5 3. Nc3 dxe4 4. Nxe4 Nf6 5. Nxf6+ exf6 6. Bf4 Bd6 7. Qd2 Bxf4
8. Qxf4 Qe7+ 9. Qe3 Qxe3+ 10. fxe3 f5 11. Bd3 O-O 12. O-O-O Re8 13. Re1 Be6 14.
Nf3 Nd7 15. Ng1 Nb8 16. Nf3 Nd7 17. Ng1 Nb8 18. Nf3 Nd7 19. Ng1 Nb8 20. Nf3 Nd7
21. Rhf1 g6 22. c4 Nf6 23. b3 Re7 24. Ne5 Rd8 25. Kc2 Kg7 26. Kc3 Bc8 27. b4
Rde8 28. Re2 Ng8 29. Rfe1 Nf6 30. a4 Re6 31. Kd2 h5 32. c5 Nd5 33. Bc4 f6 34.
Nd3 g5 35. b5 Re4 36. bxc6 bxc6 37. Bxd5 cxd5 38. Nb4 f4 39. Nc2 Bg4 40. Rf2
Bd7 41. exf4 Bxa4 42. Rxe4 Rxe4 43. fxg5 fxg5 44. Kc3 a5 45. Rd2 Kf6 46. Na1
Re3+ 47. Rd3 Re2 48. Rd2 Re3+ 49. Rd3 Re1 50. Nc2 Rc1 51. Rd2 Rb1 52. Re2 Rb3+
53. Kd2 Rb2 54. Kc3 Rb3+ 55. Kd2 Bb5 56. Re3 Rxe3 57. Nxe3 Bc6 58. g3 Ke6 59.
Kc3 Kf6 60. Kb3 1/2-1/2

[Event "FB1 2122 SK Lehrte - Hamburger SK"]
[Site "?"]
[Date "2021.11.28"]
[Round "2.3"]
[White "Papp, Sarah"]
[Black "Manusina, Nicole"]
[Result "1-0"]
[WhiteElo "2315"]
[BlackElo "2029"]
[PlyCount "61"]
[EventDate "2021.??.??"]

1. e4 c5 2. d3 Nc6 3. g3 g6 4. Bg2 Bg7 5. f4 d6 6. c3 e6 7. Nf3 Nge7 8. O-O O-O
9. Be3 Qc7 10. Na3 a6 11. d4 Rd8 12. Bf2 b6 13. Qe2 Bb7 14. Rac1 Rac8 15. g4 d5
16. e5 c4 17. Bh4 Re8 18. Nc2 Rb8 19. Ne3 Bc8 20. Qf2 b5 21. Bf6 Bxf6 22. exf6
Qxf4 23. fxe7 Rxe7 24. Rce1 Qc7 25. g5 Qf4 26. Qd2 Qd6 27. Ng4 Kg7 28. Qf2 h5
29. gxh6+ Kh8 30. Nfe5 Nd8 31. Qf6+ 1-0

[Event "FB1 2122 SK Lehrte - Hamburger SK"]
[Site "?"]
[Date "2021.11.28"]
[Round "2.4"]
[White "Zschischang, Marine"]
[Black "Fuchs, Judith"]
[Result "1/2-1/2"]
[WhiteElo "2060"]
[BlackElo "2239"]
[PlyCount "23"]
[EventDate "2021.??.??"]

1. d4 Nf6 2. Nf3 c5 3. c3 cxd4 4. cxd4 d5 5. Nc3 Nc6 6. Ne5 Qb6 7. e3 Bf5 8. g4
Be6 9. Be2 g6 10. f4 h5 11. g5 Nh7 12. Bf3 1/2-1/2

[Event "FB1 2122 SK Lehrte - Hamburger SK"]
[Site "?"]
[Date "2021.11.28"]
[Round "2.5"]
[White "Genova, Lyubka"]
[Black "Yaghy, Ritta"]
[Result "1/2-1/2"]
[WhiteElo "2224"]
[BlackElo "1992"]
[PlyCount "85"]
[EventDate "2021.??.??"]

1. e4 c5 2. Nf3 d6 3. Bb5+ Nd7 4. d4 cxd4 5. Qxd4 a6 6. Bxd7+ Bxd7 7. O-O Nf6
8. Nc3 e6 9. a4 Bc6 10. Bg5 Be7 11. a5 O-O 12. Rfd1 Qc7 13. Qd3 Rfd8 14. Be3
Nd7 15. b4 Ne5 16. Nxe5 dxe5 17. Qc4 Rxd1+ 18. Rxd1 Rd8 19. Rd3 Rxd3 20. cxd3
Qd7 21. g3 g6 22. Kf1 Kg7 23. Ke2 f5 24. f3 g5 25. g4 f4 26. Bf2 Kf6 27. h4 h6
28. h5 Bd6 29. Bc5 Ke7 30. Bb6 Kf6 31. d4 exd4 32. Qxd4+ Be5 33. Bd8+ Kf7 34.
Qxe5 Qxd8 35. Qc5 Qe7 36. Qxe7+ Kxe7 37. Kd3 Kd6 38. Kd4 e5+ 39. Kc4 Be8 40.
Kd3 Bd7 41. Nd5 Bb5+ 42. Kd2 Bc4 43. Nc3 1/2-1/2

[Event "FB1 2122 SK Lehrte - Hamburger SK"]
[Site "?"]
[Date "2021.11.28"]
[Round "2.6"]
[White "Grabowski, Petra"]
[Black "Zahn, Alina"]
[Result "0-1"]
[WhiteElo "1623"]
[BlackElo "2099"]
[PlyCount "70"]
[EventDate "2021.??.??"]

1. d4 d5 2. c4 e6 3. Nc3 Nf6 4. Bg5 Nbd7 5. cxd5 exd5 6. e3 Be7 7. Nf3 O-O 8.
Bd3 c6 9. Qc2 Re8 10. h3 Nf8 11. O-O-O Be6 12. g4 b5 13. Ne5 Rc8 14. Nxc6 Rxc6
15. Bxb5 Rc8 16. Bxe8 Qxe8 17. Bxf6 Bxf6 18. Kb1 Bd7 19. Qb3 Bc6 20. Rc1 Rb8
21. Qd1 Qd7 22. Rh2 Qb7 23. f4 Nd7 24. Na4 Qa6 25. Nc5 Nxc5 26. dxc5 Qa3 27. b3
Ba4 28. Qxd5 Bxb3 29. axb3 Rxb3+ 30. Kc2 Rc3+ 31. Kd2 Qxc1+ 32. Ke2 Rxe3+ 33.
Kf2 Bh4+ 34. Kg2 Qc2+ 35. Kf1 Re1# 0-1

[Event "FB1 2122 Rodewischer Schachmiezen - Sch"]
[Site "?"]
[Date "2021.11.28"]
[Round "2.1"]
[White "Klek, Hanna Marie"]
[Black "Sliwicka, Alicja"]
[Result "1-0"]
[WhiteElo "2343"]
[BlackElo "2303"]
[PlyCount "71"]
[EventDate "2021.??.??"]

1. e4 c5 2. Nf3 e6 3. d4 cxd4 4. Nxd4 Nf6 5. Nc3 d6 6. g4 h6 7. h4 Nc6 8. g5
hxg5 9. Bxg5 Qb6 10. Nb3 Bd7 11. Qe2 a6 12. O-O-O Qc7 13. Rh3 b5 14. a3 Ne5 15.
f4 Nc4 16. f5 Be7 17. Qg2 Rc8 18. Kb1 Qb7 19. fxe6 Bxe6 20. Rg3 Nh5 21. Rgd3
Bxg5 22. Qxg5 Qe7 23. Qg1 Qxh4 24. Nd4 Nf4 25. Nxe6 fxe6 26. Rg3 g6 27. Bxc4
bxc4 28. Rg4 Qf6 29. Rxd6 Rc7 30. Rxf4 Qxf4 31. Rxe6+ Kf8 32. Nd5 Qh2 33. Rf6+
Rf7 34. Qc5+ Kg8 35. Rxf7 Qh1+ 36. Ka2 1-0

[Event "FB1 2122 Rodewischer Schachmiezen - Sch"]
[Site "?"]
[Date "2021.11.28"]
[Round "2.2"]
[White "Lubbe, Melanie"]
[Black "Gaponenko, Inna"]
[Result "1/2-1/2"]
[WhiteElo "2311"]
[BlackElo "2339"]
[PlyCount "61"]
[EventDate "2021.??.??"]

1. e4 c5 2. Nf3 d6 3. d4 cxd4 4. Nxd4 Nf6 5. Nc3 g6 6. Be2 Bg7 7. O-O Nc6 8.
Nb3 O-O 9. Bg5 Be6 10. Kh1 Rc8 11. f4 a6 12. Bh4 Re8 13. g4 h6 14. Bf2 b5 15.
Nd4 Bxg4 16. Bxg4 Nxg4 17. Qxg4 Nxd4 18. f5 g5 19. h4 e6 20. Qh5 Nxc2 21. Rad1
b4 22. Na4 exf5 23. Nb6 fxe4 24. Nxc8 Qxc8 25. hxg5 hxg5 26. Bd4 Nxd4 27. Qxf7+
Kh7 28. Qh5+ Kg8 29. Qf7+ Kh7 30. Qh5+ Kg8 31. Qf7+ 1/2-1/2

[Event "FB1 2122 Rodewischer Schachmiezen - Sch"]
[Site "?"]
[Date "2021.11.28"]
[Round "2.3"]
[White "Schleining, Zoya"]
[Black "Hagarova, Zuzana"]
[Result "1-0"]
[WhiteElo "2319"]
[BlackElo "2292"]
[PlyCount "81"]
[EventDate "2021.??.??"]

1. d4 Nf6 2. Nf3 g6 3. Nc3 c5 4. dxc5 Bg7 5. Nd4 Na6 6. Nb3 O-O 7. e4 b6 8.
cxb6 axb6 9. Be2 Bb7 10. Bf3 d6 11. O-O Nd7 12. Nd4 Rc8 13. Re1 Rc4 14. Be3 Nb4
15. Ndb5 Ba6 16. a4 Ne5 17. Be2 Rc8 18. Na3 Nc4 19. Bxc4 Bxc4 20. Bd4 f6 21.
Nxc4 Rxc4 22. Re2 Qc7 23. Nd5 Nxd5 24. exd5 Rc8 25. c3 Qb7 26. b3 Rxc3 27. Bxc3
Rxc3 28. Rc1 f5 29. Rxc3 Bxc3 30. g3 Kg7 31. Qd3 Bf6 32. Qc4 Qa7 33. Rc2 Qa5
34. Kf1 f4 35. gxf4 Qa8 36. Qc6 Qf8 37. Qc8 Qf7 38. Qe6 Qxe6 39. dxe6 Bd4 40.
Rc4 Bb2 41. Rb4 1-0

[Event "FB1 2122 Rodewischer Schachmiezen - Sch"]
[Site "?"]
[Date "2021.11.28"]
[Round "2.4"]
[White "Movsesian, Julia"]
[Black "Koepke, Elena"]
[Result "0-1"]
[WhiteElo "2322"]
[BlackElo "2286"]
[PlyCount "82"]
[EventDate "2021.??.??"]

1. e4 e5 2. Nf3 Nc6 3. Bc4 Bc5 4. c3 Nf6 5. d4 exd4 6. b4 Bb6 7. e5 Qe7 8. O-O
Ne4 9. cxd4 h6 10. b5 Na5 11. Ba3 Bc5 12. Bxf7+ Qxf7 13. dxc5 Nc4 14. Bb4 a5
15. bxa6 Rxa6 16. Qc2 Ng5 17. Nbd2 Nxf3+ 18. Nxf3 Rg6 19. Qe4 O-O 20. Kh1 d5
21. cxd6 Rg4 22. Qd3 Bf5 23. Qc3 cxd6 24. Nd4 Qd5 25. Nf3 Be4 26. Rad1 Rxf3 27.
Rxd5 Rxc3 28. f3 Bxd5 29. Bxc3 Rg6 30. exd6 Nxd6 31. a3 Nb5 32. Bb4 Re6 33. h4
Bc6 34. Rd1 Nc7 35. Kh2 Nd5 36. Bc5 Re2 37. Kg3 Rc2 38. Bd4 Nc3 39. Bxc3 Rxc3
40. Rd8+ Kf7 41. Ra8 Rc4 0-1

[Event "FB1 2122 Rodewischer Schachmiezen - Sch"]
[Site "?"]
[Date "2021.11.28"]
[Round "2.5"]
[White "Jelica, Mara"]
[Black "Miturova, Magdalena"]
[Result "1-0"]
[WhiteElo "2099"]
[BlackElo "2248"]
[PlyCount "81"]
[EventDate "2021.??.??"]

1. e4 e5 2. Nf3 Nc6 3. Bb5 a6 4. Ba4 Nf6 5. O-O Be7 6. Re1 b5 7. Bb3 d6 8. c3
O-O 9. h3 h6 10. d4 Re8 11. Nbd2 Bf8 12. Nf1 Bd7 13. Ng3 Na5 14. Bc2 c5 15. b3
Nc6 16. d5 Ne7 17. Nh4 Kh7 18. Qf3 Neg8 19. Nhf5 g6 20. Ne3 h5 21. Bb2 Bh6 22.
Rad1 Kg7 23. Bb1 Nh7 24. Nef1 Ng5 25. Qe2 Bxh3 26. gxh3 Nxh3+ 27. Kh1 h4 28.
Nf5+ gxf5 29. exf5 Nf6 30. Nh2 Rh8 31. Qf3 Nf4 32. c4 Kf8 33. b4 Rc8 34. bxc5
Rxc5 35. cxb5 Rxb5 36. Ba3 Qb8 37. Bc2 Kg8 38. Ng4 Nxg4 39. Qxg4+ Kf8 40. f6
Ra5 41. Bxd6+ 1-0

[Event "FB1 2122 Rodewischer Schachmiezen - Sch"]
[Site "?"]
[Date "2021.11.28"]
[Round "2.6"]
[White "Kanakova, Natalie"]
[Black "Valkova, Angelika"]
[Result "1/2-1/2"]
[WhiteElo "2154"]
[BlackElo "2062"]
[PlyCount "104"]
[EventDate "2021.??.??"]

1. Nf3 d5 2. c4 e6 3. e3 Nf6 4. b3 b6 5. g3 Nbd7 6. Bb2 Bb7 7. Bg2 Bd6 8. Nc3
a6 9. O-O Qe7 10. cxd5 exd5 11. Nh4 g6 12. e4 dxe4 13. Nxe4 O-O-O 14. Re1 Bxe4
15. Bxe4 Nxe4 16. Bxh8 Rxh8 17. Qc2 f5 18. f3 Be5 19. Rac1 Qc5+ 20. Qxc5 Nexc5
21. Rxe5 Nxe5 22. d4 Ned7 23. dxc5 Nxc5 24. Ng2 Rd8 25. Rc2 Rd3 26. Kf2 Ne6 27.
Ne1 Rd5 28. h4 Kd7 29. Ng2 Rd3 30. Ke2 Rd5 31. Ke3 c5 32. Ne1 Re5+ 33. Kf2 Rd5
34. Ke3 f4+ 35. gxf4 Nd4 36. Rh2 Nf5+ 37. Ke2 Rd4 38. Nd3 Ke6 39. Kd2 b5 40.
Kc3 Kd6 41. h5 c4 42. bxc4 Rxc4+ 43. Kb2 Rd4 44. hxg6 hxg6 45. Ne5 Rxf4 46.
Nxg6 Rxf3 47. Nh4 Nxh4 48. Rxh4 Kc5 49. Rh6 a5 50. Rh5+ Kc4 51. Rh4+ Kd3 52.
Rh5 Kc4 1/2-1/2

[Event "FB1 2122 SC Bad Königshofen 1957 - SV "]
[Site "?"]
[Date "2022.05.22"]
[Round "2.1"]
[White "Cyfka, Karina"]
[Black "Schneider, Jana"]
[Result "1-0"]
[WhiteElo "2404"]
[BlackElo "2303"]
[PlyCount "79"]
[EventDate "2022.??.??"]

1. d4 Nf6 2. c4 e6 3. Nc3 d5 4. cxd5 exd5 5. Bg5 Be7 6. e3 O-O 7. Qc2 h6 8. Bf4
c6 9. Bd3 Nbd7 10. h3 b5 11. Nf3 a5 12. g4 b4 13. Na4 Ba6 14. Bxa6 Rxa6 15. g5
hxg5 16. Nxg5 c5 17. O-O-O Qa8 18. dxc5 Rc8 19. Kb1 Bxc5 20. Qb3 Nb6 21. Nxb6
Rxb6 22. Be5 Nd7 23. f4 a4 24. Qd3 Rg6 25. Qf5 Nxe5 26. fxe5 Rf8 27. e6 Qa6 28.
exf7+ Kh8 29. Rxd5 Be7 30. h4 Rh6 31. Qe4 Qg6 32. Qxg6 Rxg6 33. Re5 Bd6 34. Re8
Rf6 35. Rd1 b3 36. axb3 axb3 37. Kc1 Bc5 38. Rxf8+ Bxf8 39. Rd8 Rc6+ 40. Kb1
1-0

[Event "FB1 2122 SC Bad Königshofen 1957 - SV "]
[Site "?"]
[Date "2022.05.22"]
[Round "2.2"]
[White "Belenkaya, Dina"]
[Black "Kulon, Klaudia"]
[Result "1-0"]
[WhiteElo "2254"]
[BlackElo "2305"]
[PlyCount "239"]
[EventDate "2022.??.??"]

1. e4 c5 2. Nf3 Nc6 3. Bb5 g6 4. c3 Bg7 5. O-O e5 6. d3 Nge7 7. a3 a6 8. Bxc6
Nxc6 9. b4 d6 10. Be3 b6 11. Ra2 O-O 12. d4 cxd4 13. cxd4 Bg4 14. d5 Ne7 15. h3
Bd7 16. a4 f5 17. a5 bxa5 18. bxa5 Nc8 19. Nc3 f4 20. Bd2 g5 21. Nh2 Na7 22.
Na4 Bxa4 23. Qxa4 Rc8 24. Rc2 Qe8 25. Qa2 Rxc2 26. Qxc2 Rf7 27. Rc1 Rb7 28. Nf3
Bf6 29. Qd3 Qb5 30. Qxb5 axb5 31. Bb4 Be7 32. a6 Rd7 33. Ba5 Kf7 34. Bb6 Ke8
35. Ra1 h6 36. Ne1 Nc8 37. Ba5 Ra7 38. Bd2 Bd8 39. Nd3 Nb6 40. Nb4 Na4 41. Kf1
Ra8 42. Ke2 Ba5 43. Rb1 Bxb4 44. Rxb4 Rxa6 45. Rxb5 Nc5 46. f3 Ra2 47. Rb1 h5
48. Rb4 Kd7 49. Kd1 Nd3 50. Rb7+ Kc8 51. Rb6 Kc7 52. Rc6+ Kd7 53. Rc3 Nc5 54.
Rc2 Ra1+ 55. Rc1 Ra4 56. Rc2 g4 57. hxg4 hxg4 58. Bc3 Ra3 59. Ke2 g3 60. Bxe5
dxe5 61. Rxc5 Ra2+ 62. Kf1 Ra1+ 63. Ke2 Rg1 64. Rc3 Rxg2+ 65. Kf1 Rd2 66. Ra3
Ke7 67. Kg1 Rf2 68. Rd3 Kd6 69. Rc3 Kd7 70. Ra3 Kc7 71. Rd3 Re2 72. Ra3 Re3 73.
Ra7+ Kd6 74. Kg2 Kc5 75. Ra2 Rd3 76. Ra5+ Kc4 77. Ra2 Kd4 78. Re2 Kc3 79. Ra2
Kb3 80. Re2 Rd1 81. Kh3 Rh1+ 82. Kg2 Rh6 83. Kg1 Kc3 84. Ra2 Rb6 85. Kg2 Rb1
86. Re2 Rd1 87. Ra2 Kb3 88. Re2 Rd3 89. Re1 Rd2+ 90. Kg1 Kb2 91. Rf1 Rd3 92.
Kg2 Rd4 93. Re1 Rd2+ 94. Kg1 g2 95. Kh2 Rf2 96. Kg1 Rxf3 97. Kxg2 Rd3 98. Kf2
Kc3 99. Ra1 Re3 100. Ra3+ Kd2 101. Ra4 Kc2 102. d6 Rd3 103. Ra5 Rxd6 104. Kf3
Rd3+ 105. Kg4 f3 106. Kg3 Rd6 107. Rxe5 Rd3 108. Kf2 Kb3 109. Rd5 Rc3 110. Rd4
Rc8 111. Kxf3 Rf8+ 112. Ke3 Re8 113. Kd3 Kb2 114. Ra4 Kc1 115. Kd4 Kd2 116. e5
Ke2 117. Ke4 Kf2 118. Ra3 Ke2 119. Rb3 Kf2 120. Kf5 1-0